[Event "Open de Cappelle la Grande"]
[Site "?"]
[Date "2002.??.??"]
[Round "8.37"]
[White "Fernando, Diogo"]
[Black "Gdanski, Jacek"]
[Result "0-1"]
[WhiteElo "2360"]
[BlackElo "2530"]
[PlyCount "88"]

1. e4 e6 2. d4 d5 3. e5 c5 4. c3 Qb6 5. Nf3 Nc6 6. Be2 Nh6 7. Bxh6 gxh6 8. Qd2
Bg7 9. O-O O-O 10. Na3 Bd7 11. Nc2 cxd4 12. cxd4 f6 13. exf6 Rxf6 14. b4 Be8
15. b5 Nd8 16. a4 Nf7 17. Ne3 h5 18. Rac1 Nd6 19. Qb4 Ne4 20. a5 Qd8 21. b6 Bf8
22. Qb2 Bd6 23. Ne5 axb6 24. Qxb6 Qxb6 25. axb6 Nd2 26. Ra1 Rb8 27. Rfd1 Nb3
28. Ra7 Nxd4 29. Rxd4 Bxe5 30. Rd1 Rf4 31. Nc2 Bg6 32. Bd3 Bxd3 33. Rxd3 Rc4
34. Ne3 Rc1+ 35. Nf1 Bxh2+ 36. Kxh2 Rxf1 37. Re3 Kf7 38. Rc3 Rxf2 39. Rc7+ Kf6
40. Raxb7 Rxb7 41. Rxb7 Rb2 42. Rb8 Ke5 43. Kg3 Ke4 44. b7 e5 0-1

[Event "Open de Cappelle la Grande"]
[Site "?"]
[Date "2002.??.??"]
[Round "8.36"]
[White "Kononenko, Tatiana"]
[Black "Timoshenko, Georgy"]
[Result "1/2-1/2"]
[WhiteElo "2371"]
[BlackElo "2560"]
[PlyCount "21"]

1. d4 Nf6 2. c4 e6 3. Nf3 b6 4. g3 Bb7 5. Bg2 Be7 6. O-O O-O 7. Nc3 Ne4 8. Qc2
Nxc3 9. Qxc3 c5 10. Qc2 Nc6 11. dxc5 1/2-1/2

[Event "Open de Cappelle la Grande"]
[Site "?"]
[Date "2002.??.??"]
[Round "8.11"]
[White "Cosma, Ioan"]
[Black "Gyimesi, Zoltan"]
[Result "1/2-1/2"]
[WhiteElo "2461"]
[BlackElo "2606"]
[PlyCount "43"]

1. d4 Nf6 2. Nf3 e6 3. g3 d5 4. Bg2 c5 5. O-O Nc6 6. c4 dxc4 7. Ne5 Bd7 8. Na3
cxd4 9. Naxc4 Nxe5 10. Nxe5 Qb6 11. Nxd7 Nxd7 12. Qa4 Rd8 13. Bf4 Bc5 14. Rac1
O-O 15. b4 Qxb4 16. Qxb4 Bxb4 17. Bc7 Rde8 18. Bxb7 Re7 19. Rb1 Nb6 20. Bxb6
axb6 21. Rxb4 Rxb7 22. Rxd4 1/2-1/2

[Event "Open de Cappelle la Grande"]
[Site "?"]
[Date "2002.??.??"]
[Round "8.21"]
[White "Welling, Gerard"]
[Black "Belkhodja, Slim"]
[Result "0-1"]
[WhiteElo "2410"]
[BlackElo "2506"]
[PlyCount "26"]

1. e4 d6 2. Nc3 Nf6 3. g3 e5 4. Bg2 g6 5. d3 Bg7 6. Nge2 O-O 7. O-O Nc6 8. f4
Bg4 9. h3 Bxe2 10. Qxe2 Nh5 11. Qf2 exf4 12. gxf4 f5 13. Bf3 Bd4 0-1

[Event "Open de Cappelle la Grande"]
[Site "?"]
[Date "2002.??.??"]
[Round "8.22"]
[White "Khamatgaleev, Alexej"]
[Black "Gormally, Daniel"]
[Result "1/2-1/2"]
[WhiteElo "2400"]
[BlackElo "2506"]
[PlyCount "40"]

1. e4 c5 2. Nf3 d6 3. Bb5+ Nd7 4. d4 Ngf6 5. Nc3 cxd4 6. Qxd4 e5 7. Qd3 h6 8.
Be3 Be7 9. O-O a6 10. Bc4 b5 11. Bd5 Rb8 12. Ba7 Nxd5 13. Nxd5 Rb7 14. Be3 Nf6
15. Nxe7 Rxe7 16. a4 bxa4 17. Rxa4 Bb7 18. Nd2 O-O 19. f3 Qc7 20. c4 Nd7
1/2-1/2

[Event "Open de Cappelle la Grande"]
[Site "?"]
[Date "2002.??.??"]
[Round "8.25"]
[White "Brochet, Philippe"]
[Black "Solak, Dragan"]
[Result "1/2-1/2"]
[WhiteElo "2381"]
[BlackElo "2501"]
[PlyCount "62"]

1. e4 d6 2. d4 Nf6 3. Nc3 e5 4. dxe5 dxe5 5. Qxd8+ Kxd8 6. Bc4 Bb4 7. f3 Ke7 8.
Nge2 c6 9. a3 Bd6 10. O-O b5 11. Ba2 a5 12. Be3 Nbd7 13. Rfd1 Bc5 14. Bf2 Bxf2+
15. Kxf2 Nb6 16. Nc1 Be6 17. Bxe6 Kxe6 18. Nd3 Rhd8 19. a4 b4 20. Ne2 Nfd7 21.
b3 c5 22. c4 bxc3 23. Nxc3 Rdc8 24. Nb2 c4 25. Nxc4 Nxc4 26. bxc4 Rxc4 27. Nb5
Ra6 28. Rac1 Rac6 29. Rxc4 Rxc4 30. Rd6+ Ke7 31. Ra6 Rxa4 1/2-1/2

[Event "Open de Cappelle la Grande"]
[Site "?"]
[Date "2002.??.??"]
[Round "8.29"]
[White "Holzke, Frank"]
[Black "Dubois, Jean-Marie"]
[Result "1/2-1/2"]
[WhiteElo "2478"]
[BlackElo "2297"]
[PlyCount "72"]

1. e4 d6 2. d4 Nf6 3. Nc3 g6 4. f4 Bg7 5. Nf3 c5 6. Bb5+ Bd7 7. e5 Ng4 8. Bxd7+
Qxd7 9. d5 dxe5 10. h3 e4 11. Nxe4 Nf6 12. Nxf6+ Bxf6 13. O-O O-O 14. Be3 Bxb2
15. Ne5 Qc7 16. Rb1 Bxe5 17. fxe5 Nd7 18. d6 exd6 19. exd6 Qc6 20. Bf4 Rfe8 21.
Bg5 Re6 22. Be7 b6 23. Re1 Rxe1+ 24. Qxe1 c4 25. Rd1 Rc8 26. Kh1 c3 27. Rd4 Qb5
28. a4 Qf5 29. Rd3 Rc5 30. Rxc3 Rxc3 31. Qxc3 Qf1+ 32. Kh2 Qf4+ 33. Kg1 Qc1+
34. Kf2 Qf4+ 35. Kg1 Qc1+ 36. Kh2 Qf4+ 1/2-1/2

[Event "Open de Cappelle la Grande"]
[Site "?"]
[Date "2002.??.??"]
[Round "8.47"]
[White "Philippe, Christophe"]
[Black "Legky, Nikolay"]
[Result "0-1"]
[WhiteElo "2325"]
[BlackElo "2485"]
[PlyCount "100"]

1. d4 d5 2. Nf3 Nf6 3. Bf4 c5 4. e3 Nc6 5. Be2 e6 6. O-O Bd6 7. Bxd6 Qxd6 8. c4
cxd4 9. exd4 dxc4 10. Bxc4 O-O 11. Nc3 Rd8 12. Qe2 Nxd4 13. Nxd4 Qxd4 14. Rad1
Qb6 15. Na4 Qc7 16. Qe5 Qe7 17. Bb3 Bd7 18. Rd4 Bc6 19. Rfd1 Rxd4 20. Qxd4 Nd5
21. Nc5 Qf6 22. Qg4 Qg6 23. Qxg6 hxg6 24. g3 Rd8 25. f4 Kf8 26. Kf2 Ke7 27. Nd3
Nf6 28. Ne5 Rxd1 29. Bxd1 Bd5 30. a3 g5 31. fxg5 Ne4+ 32. Ke3 Nxg5 33. h4 Ne4
34. g4 Nd6 35. Be2 f6 36. Ng6+ Kf7 37. Nf4 Bc4 38. Bf3 e5 39. Nd5 f5 40. Nc3
f4+ 41. Kd2 Ke6 42. Kc2 b6 43. b3 Nb5 44. Nxb5 Bxb5 45. Kc3 Kf6 46. Be4 g5 47.
h5 Kg7 48. Bf3 Bd7 49. Kd3 Kh6 50. b4 e4+ 0-1

[Event "Open de Cappelle la Grande"]
[Site "?"]
[Date "2002.??.??"]
[Round "8.19"]
[White "Lalic, Bogdan"]
[Black "Eliet, Nicolas"]
[Result "1-0"]
[WhiteElo "2523"]
[BlackElo "2401"]
[PlyCount "88"]

1. d4 d5 2. c4 c6 3. Nc3 dxc4 4. e4 b5 5. a4 b4 6. Nb1 Ba6 7. Be3 Nf6 8. f3 e5
9. Ne2 Nbd7 10. Nd2 Qa5 11. Qc1 b3 12. Kf2 Qb4 13. Qc3 Rd8 14. dxe5 Qxc3 15.
Nxc3 Nxe5 16. Be2 Nd3+ 17. Bxd3 Rxd3 18. Rhc1 Bd6 19. Nd1 Ke7 20. Nxc4 Rxd1 21.
e5 Rxc1 22. exf6+ Kxf6 23. Rxc1 Bxc4 24. Rxc4 Rc8 25. Rc3 g6 26. Bxa7 Ra8 27.
Rxc6 Ke7 28. Bc5 Bxc5+ 29. Rxc5 Rxa4 30. Rc3 Rb4 31. Ke3 h5 32. Kd3 Kd6 33. Rc4
Rb7 34. Kc3 g5 35. Rb4 Re7 36. Kd2 Ra7 37. Rxb3 Ra1 38. Rd3+ Kc6 39. Rc3+ Kb5
40. Rc1 Ra4 41. Re1 f6 42. Re6 Rb4 43. Kc3 Rc4+ 44. Kd3 Rb4 1-0

[Event "Open de Cappelle la Grande"]
[Site "?"]
[Date "2002.??.??"]
[Round "8.35"]
[White "Chuchelov, Vladimir"]
[Black "Martyn, Rafe"]
[Result "1-0"]
[WhiteElo "2600"]
[BlackElo "2115"]
[PlyCount "91"]

1. Nf3 Nf6 2. c4 e6 3. Nc3 Bb4 4. Qc2 O-O 5. a3 Bxc3 6. Qxc3 b6 7. b4 Bb7 8.
Bb2 d6 9. g3 Nbd7 10. Bg2 c5 11. O-O Rc8 12. d3 Rc7 13. b5 a5 14. e4 Re8 15.
Nd2 e5 16. f4 Ng4 17. Rae1 Nh6 18. Bh3 Nf8 19. Nf3 f6 20. Bc1 Nf7 21. f5 Bc8
22. Bg2 g6 23. fxg6 hxg6 24. Nh4 Kg7 25. Rf2 Nh7 26. Qd2 Rf8 27. Qe2 Be6 28.
Qe3 Ra7 29. Kf1 Bg4 30. Bf3 Bxf3 31. Qxf3 Qe8 32. g4 Qe6 33. Qg3 Qe7 34. Ke2
Rg8 35. Ng2 Kf8 36. Ne3 Nh8 37. g5 Ke8 38. Nd5 Qd8 39. gxf6 Rf7 40. Qg4 Qd7 41.
Qxd7+ Kxd7 42. Nxb6+ Ke6 43. Nd5 a4 44. h4 Re8 45. Ref1 Rb8 46. Bh6 1-0

[Event "Cappelle La Grande"]
[Site "Cappelle la Grande"]
[Date "2002.02.15"]
[Round "8"]
[White "Iordachescu, V."]
[Black "Heberla, B."]
[Result "1/2-1/2"]
[WhiteElo "2558"]
[BlackElo "2433"]
[PlyCount "30"]

1. e4 c5 2. Nf3 d6 3. d4 cxd4 4. Nxd4 Nf6 5. Nc3 Bd7 6. Bg5 e6 7. Qd2 a6 8.
O-O-O h6 9. Bxf6 Qxf6 10. f4 Qd8 11. Kb1 Nc6 12. Nf3 Nb8 13. Nd4 Qf6 14. Ndb5
Bxb5 15. Nxb5 Qd8 1/2-1/2

[Event "Cappelle La Grande"]
[Site "Cappelle la Grande"]
[Date "2002.02.15"]
[Round "8"]
[White "Kveinys, A."]
[Black "Jedynak, R."]
[Result "1-0"]
[WhiteElo "2555"]
[BlackElo "2403"]
[PlyCount "63"]

1. e4 e6 2. d4 d5 3. Nd2 Nf6 4. e5 Nfd7 5. c3 c5 6. Bd3 Nc6 7. Ne2 cxd4 8. cxd4
f6 9. exf6 Qxf6 10. Nf3 h6 11. Bb1 Bd6 12. Qd3 Nb4 13. Qg6+ Qxg6 14. Bxg6+ Ke7
15. Bf4 b6 16. a3 Nc6 17. Bd3 g5 18. Bg3 Bb7 19. O-O e5 20. dxe5 Ndxe5 21. Nxe5
Bxe5 22. Rfe1 Bxb2 23. Ra2 Bf6 24. Nd4+ Kf7 25. Nf5 Be7 26. Nxe7 Nxe7 27. Rae2
Rae8 28. h4 Bc6 29. h5 Bd7 30. Re5 Kf6 31. f4 Nf5 32. fxg5+ 1-0